[Event "HCL-M803"]
[Site "www.playchess.de"]
[Date "2006.03.14"]
[Round "35"]
[White "ETC_Chess"]
[Black "pcmvr"]
[WhiteElo "2150"]
[BlackElo "2165"]
[PlyCount "97"]
[Result "1-0"]

1.c4 {Hello again and good luck!}  e6 {Hello again 
to you and a nice game}  2.Nf3 Nf6 3.g3 d5 4.cxd5 
exd5 5.Bg2 Bd6 6.O-O O-O 7.Nc3 Re8 8.d3 Na6 9.Re1 
Bf5 10.Bg5 h6 11.Bxf6 Qxf6 12.Nxd5 Qxb2 13.Rb1 
Qxa2 14.Nd2 Qa5 15.Nc4 Qc5 16.Nde3 Bc8 17.d4 Qg5 
18.Qa4 Re6 19.Nxd6 cxd6 20.Bxb7 Bxb7 21.Rxb7 d5 
22.Qd7 Rf8 23.Qb5 Qf6 24.Rd1 Rd8 25.Nxd5 Qg5 
26.Rd7 Rxd7 27.Qxd7 Kh7 28.Qb7 Qd8 29.e4 Qe8 
30.Qxa7 Rd6 31.Qb7 Nb8 32.e5 Rd8 33.Rc1 Nd7 34.Nc7 
{Merry Christmas!}  Qe7 {Merry Christmas from me}  
35.Nb5 Kg8 36.Nd6 Rb8 37.Rc8+ Rxc8 38.Nxc8 Qe6 
39.d5 Qe8 40.Qc6 Qd8 41.f4 Qa5 42.Qc4 g5 43.Ne7+ 
Kg7 44.Nf5+ Kh7 45.Qc2 gxf4 46.gxf4 Qb4 47.d6 Qc5+ 
48.Qxc5 Nxc5 49.Kf2 1-0

[Event "HCL-E1577"]
[Site "www.playchess.de"]
[Date "2006.03.14"]
[Round "10"]
[White "takesa"]
[Black "pawnstorm"]
[WhiteElo "1595"]
[BlackElo "1545"]
[PlyCount "82"]
[Result "0-1"]

1.e4 e5 2.Nc3 Nc6 3.Nf3 Nf6 4.d4 exd4 5.Nd5 Nxd5 
6.exd5 Bb4+ 7.Bd2 Qe7+ 8.Qe2 Bxd2+ 9.Nxd2 Qxe2+ 
10.Bxe2 Nb4 11.Bd3 Nxd5 12.Be4 Nf6 13.Bf3 c5 
14.O-O O-O 15.Rfe1 Rb8 16.Nc4 d5 17.Nd2 Bg4 
18.Bxg4 Nxg4 19.h3 Nf6 20.Re5 Rfe8 21.Rae1 Rxe5 
22.Rxe5 Re8 23.Rxe8+ Nxe8 24.f4 Nf6 25.g4 Kf8 
26.Nf3 Ne4 27.g5 Ke7 28.Ne5 f6 29.g6 hxg6 30.Nxg6+ 
Ke6 31.Nh4 c4 32.Kf1 d3 33.cxd3 cxd3 34.Ke1 g5 
35.fxg5 fxg5 36.Ng2 Ke5 37.Ne3 d4 38.Nc4+ Kf4 
39.Nd2 Nxd2 40.Kxd2 Kg3 41.Kxd3 
Kxh3 0-1

[Event "HCL-A2648"]
[Site "www.playchess.de"]
[Date "2006.03.14"]
[Round "10"]
[White "hodzic9"]
[Black "hal1958"]
[WhiteElo "1600"]
[BlackElo "1398"]
[PlyCount "69"]
[Result "1-0"]

1.e4 d6 {have a nice game}  2.d3 {thanks, you as 
well}  e5 3.Bd2 Nc6 4.c3 Nf6 5.Be2 Be7 6.Nf3 O-O 
7.O-O h6 8.h3 Be6 9.Qc2 a6 10.d4 exd4 11.cxd4 Bd7 
12.e5 dxe5 13.dxe5 Nd5 14.Rd1 Nb6 15.Bc3 Qc8 
16.Kh2 Be6 17.Nbd2 Bc5 18.Ne4 Be7 19.Nfd2 Bf5 
20.Bd3 Nd5 21.Nf6+ Kh8 22.Bxf5 Qd8 23.Nxd5 Qxd5 
24.Nf3 Qc5 25.Be4 Rfd8 26.Bxc6 Qxc6 27.Rxd8+ Rxd8 
28.Rd1 Re8 29.Qb3 Kg8 30.Nd4 Qb6 31.Qxb6 cxb6 
32.Nf5 Bc5 33.f3 b5 34.Nd6 Rb8 
35.b4 1-0

[Event "HCL-E1554"]
[Site "www.playchess.de"]
[Date "2006.03.14"]
[Round "4"]
[White "takesa"]
[Black "jsiggy2001"]
[WhiteElo "1604"]
[BlackElo "1758"]
[PlyCount "88"]
[Result "0-1"]

1.e4 {nice to meet you!}  c5 {Hello and good 
luck..}  2.Nc3 {:)}  d6 3.d4 cxd4 4.Qxd4 Nc6 5.Bb5 
Bd7 6.Bxc6 bxc6 7.e5 Bf5 8.exd6 exd6 9.Qa4 Qd7 
10.Nge2 c5 11.Qxd7+ Kxd7 12.Be3 Bxc2 13.Rc1 Bf5 
14.O-O Nf6 15.Rfd1 Kc6 16.Na4 Kb7 17.Rc3 Re8 
18.Rb3+ Ka8 19.Nec3 Bc2 20.Nb5 Rc8 21.Nb6+ axb6 
22.Ra3+ Kb7 23.Rc1 Bg6 {almost had one of your 
rooks}  24.Ra7+ {you had my dear knight!}  Kc6 
25.Nd4+ Kd5 26.Nb5 Ke6 27.Bf4 Rd8 28.Re1+ Kf5 
29.g3 Kg4 30.Ra4 Bc2 31.b3 Kh5 32.h3 Bd3 33.g4+ 
Kh4 34.Bg3+ Kg5 35.f4+ {black or white?}  Kg6 
{white then black}  36.f5+ {:)}  Kh6 37.Ra7 Bxb5 
38.Rxf7 Kg5 39.Bf2 Rd7 40.Rxd7 Bxd7 41.Kg2 Bc6+ 
42.Kh2 Ne4 43.Be3+ Kf6 44.h4 h6 0-1

[Event "HCL-T266"]
[Site "www.playchess.de"]
[Date "2006.03.14"]
[Round "34"]
[White "daveboy6968"]
[Black "richard"]
[WhiteElo "940"]
[BlackElo "1897"]
[PlyCount "42"]
[Result "0-1"]

1.e4 e6 2.d4 d5 3.Nc3 Bb4 4.e5 c5 5.Bb5+ Bd7 
6.Bxd7+ Nxd7 7.Qd2 Rc8 8.a3 cxd4 9.Qxd4 Bxc3+ 
10.bxc3 Qc7 11.f4 Ne7 12.g4 h5 13.g5 Nf5 14.Qd3 
Qxc3+ 15.Qxc3 Rxc3 16.Kd2 Rc4 17.Nh3 Ke7 18.Re1 
Rhc8 19.Ra2 Nd4 20.Kd3 R4c3+ 21.Kxd4 
R8c4+ 0-1

[Event "HCL-B3907"]
[Site "www.playchess.de"]
[Date "2006.03.14"]
[Round "18"]
[White "dg"]
[Black "garden"]
[WhiteElo "1243"]
[BlackElo "1119"]
[PlyCount "55"]
[Result "1-0"]

1.e4 {hi}  e5 {hi
}  2.d3 Be7 {hi from Sao Paulo, Brazil!}  3.Nf3 {I 
live in Luleå north part of Sweden .}  d6 4.h3 Nc6 
5.Be2 Nd4 6.Nxd4 exd4 7.Nd2 d5 8.e5 c6 9.Nb3 c5 
10.O-O Qc7 11.Bf4 g5 12.Bh2 Be6 13.Bg4 Bxg4 
14.Qxg4 c4 15.dxc4 Qxc4 16.Rac1 Nh6 17.Qf3 f5 
18.Rfe1 g4 19.hxg4 fxg4 20.Qf4 Qc6 21.Nxd4 Qg6 
22.Nb5 Kd7 23.e6+ Kc6 24.Nd4+ Kc5 25.Re3 Bg5 
26.Rc3+ Kb6 27.Qc7+ Ka6 28.Ra3+ 1-0

[Event "HCL-A2597"]
[Site "www.playchess.de"]
[Date "2006.03.14"]
[Round "1"]
[White "terrrrrrrrrible"]
[Black "dynamike"]
[WhiteElo "1600"]
[BlackElo "1442"]
[PlyCount "46"]
[Result "0-1"]

1.e4 c5 2.Nf3 d6 3.d4 cxd4 4.Nxd4 g6 5.Be3 Bg7 
6.Bc4 Nc6 7.Qf3 Nf6 8.Nc3 O-O 9.O-O-O Ne5 10.Qe2 
Bd7 11.f4 Nxc4 12.Qxc4 Rc8 13.Qd3 a6 14.f5 b5 
15.b4 Qc7 16.Nd5 Nxd5 17.a3 Nxe3 18.Qxe3 Bxd4 
19.Qd3 Bg7 20.h4 e6 21.Kd2 d5 22.Rdc1 dxe4 23.Qxe4 
Bh6+ 0-1

[Event "HCL-M889"]
[Site "www.playchess.de"]
[Date "2006.03.14"]
[Round "8"]
[White "Shevarnadse"]
[Black "RSoares"]
[WhiteElo "1983"]
[BlackElo "1507"]
[PlyCount "101"]
[Result "1/2-1/2"]

1.d4 Nf6 2.c4 e6 3.Nc3 Bb4 4.a3 Bxc3+ 5.bxc3 c5 
6.Nf3 Nc6 7.e3 d6 8.Be2 e5 9.O-O O-O 10.Qc2 e4 
11.Nd2 Bf5 12.Rb1 b6 13.Bb2 Re8 14.Rfe1 Ng4 
15.Bxg4 Bxg4 16.Nxe4 Bf5 17.f3 Qe7 18.Qe2 Bxe4 
19.fxe4 Qxe4 20.Rbd1 Na5 21.Bc1 Qe6 22.e4 Qxc4 
23.Qf3 Nc6 24.Bf4 cxd4 25.cxd4 Nxd4 26.Qd3 Qxd3 
27.Rxd3 Ne6 28.Bxd6 Rad8 29.e5 Nc5 30.Rd4 f6 
31.Bxc5 bxc5 32.Rxd8 Rxd8 33.exf6 gxf6 34.Re7 Rc8 
35.Rxa7 c4 36.Rb7 c3 37.Rb1 c2 38.Rc1 h5 39.a4 Kf7 
40.Kf2 Rc3 41.a5 Ke6 42.Ke2 Kf5 43.Kd2 Ra3 44.Rxc2 
Rxa5 45.Ke3 h4 46.Rd2 Ra3+ 47.Kf2 Kg4 48.Rd4+ Kg5 
49.Rd5+ f5 50.h3 Rc3 51.Rd8 {(offering draw)} 
 1/2-1/2

[Event "HCL-B3846"]
[Site "www.playchess.de"]
[Date "2006.03.14"]
[Round "4"]
[White "Zeko"]
[Black "Ebaw"]
[WhiteElo "1200"]
[BlackElo "1400"]
[PlyCount "56"]
[Result "0-1"]

1.e4 d5 2.e5 Bf5 3.d4 e6 4.h3 c5 5.c3 Nc6 6.Bd3 
Bxd3 7.Qxd3 c4 8.Qg3 Nge7 9.Bg5 h6 10.Bxe7 Qxe7 
11.Nf3 b5 12.Nbd2 a5 13.O-O b4 14.Rab1 Qb7 15.Rfe1 
Ne7 16.Nh2 Nf5 17.Qf4 Be7 18.Ndf3 b3 19.a3 a4 
20.Re2 Rb8 21.Rbe1 Qa7 22.g4 Nh4 23.Nxh4 Bxh4 
24.Nf3 Be7 25.Kg2 Rb6 26.h4 Qb7 27.Ra1 Qc7 28.Ree1 
Qd8 0-1

[Event "HCL-A2608"]
[Site "www.playchess.de"]
[Date "2006.03.14"]
[Round "17"]
[White "BohdanL"]
[Black "Snillie"]
[WhiteElo "1488"]
[BlackElo "1466"]
[PlyCount "110"]
[Result "0-1"]

1.c4 {hi, nice to meet you again}  c5 2.Nf3 Nf6 
3.g3 g6 4.Bg2 Bg7 5.Nc3 Nc6 6.d4 cxd4 7.Nxd4 O-O 
8.O-O a6 9.c5 Qa5 10.Nb3 Qc7 11.Bf4 e5 12.Bg5 b6 
13.Bxf6 Bxf6 14.Nd5 Qd8 15.Nxb6 Rb8 16.Bxc6 dxc6 
17.Na5 Qc7 18.e3 e4 19.Rb1 Be6 20.Qa4 Bd5 21.Rfd1 
Rfd8 22.Nxd5 cxd5 23.Qc6 Qxa5 24.Qxf6 Qxa2 25.c6 
Rbc8 26.c7 Rd7 27.Rdc1 Rdxc7 28.Rxc7 Qxb1+ 29.Kg2 
Rxc7 30.Qd8+ Kg7 31.Qxc7 Qxb2 32.Qa5 Qb5 33.Qc3+ 
Kh6 34.Qc7 Qe8 35.Qa5 Qe6 36.Qa3 Qf6 37.Qf8+ Kh5 
38.Qa8 Qf3+ 39.Kg1 Qd1+ 40.Kg2 Kg4 41.h3+ Kh5 
42.Qh8 Qf3+ 43.Kg1 Kg5 44.Qxh7 Qf6 45.Qh4+ Kf5 
46.Qg4+ Ke5 47.Qd1 Qc6 48.Qd4+ Ke6 49.g4 f6 50.h4 
a5 51.g5 fxg5 52.hxg5 Kf5 53.f4 Qc2 54.Qxd5+ Kg4 
55.Kf1 Kf3 0-1

[Event "HCL-T259"]
[Site "www.playchess.de"]
[Date "2006.03.14"]
[Round "2"]
[White "ulibear"]
[Black "puddschini"]
[WhiteElo "1199"]
[BlackElo "2051"]
[PlyCount "56"]
[Result "0-1"]

1.d4 Nf6 2.c4 c5 3.d5 e6 4.Nc3 {hello and gl :-)}  
exd5 {enjoy the game}  5.cxd5 {thxs ...same to you 
... your name, is it Italian written for German 
speakers?}  d6 {Ist Deine Flagge echt oder nur ein 
fake? Dann laß uns deutsch reden. Du hast recht, 
es ist eine Verballhornung des Namens des 
Komponisten Puccini, den ich sehr liebe. Gruß 
Jörg}  6.e4 {ok, lustige Idee, Jörg. spielst Du 
häufig Benoni als Schwarzer? ich schätze diese 
Themen-Turniere sehr, wenn sie für mich als 
d4-Spieler attraktiv sind :-)}  g6 {Es ist mein 
erster Kontaqkt mit Benoni als Schwarzer.}  7.f4 
Bg7 8.Bb5+ Nfd7 9.Nge2 Qh4+ 10.g3 Qe7 11.O-O O-O 
12.Qc2 a6 13.Bxd7 Nxd7 14.Be3 Nf6 15.Kg2 Re8 16.e5 
dxe5 17.fxe5 Qxe5 18.Bf4 Qh5 19.Ng1 Nxd5 20.Rae1 
Nxf4+ 21.gxf4 Bf5 22.Rxe8+ Rxe8 23.Qf2 Bxc3 
24.bxc3 Bh3+ 25.Nxh3 Re2 26.Kg3 {pfui deibel! gilt 
nur mir armen Blödmann! so was muß man einfach 
sehen oder?  :-)}  Rxf2 {Du hast Recht, eigentlich 
müßte man das sehen.}  27.Rxf2 {na ja, dann mal 
sehen, wie's ausläuft :-)}  Qd5 {Ja, da bin ich 
auch gespannt. Schwerstarbeit für die Dame.}  
28.Ng5 {bei einem Bauern mehr auf dem Damenflügel 
könnte ich vielleicht noch hoffen, aber so findet 
die Dame zu viele Schwächen zum Angreifen ... 
hoffnungslos! :-)}  b5 0-1

[Event "HCL-A2616"]
[Site "www.playchess.de"]
[Date "2006.03.14"]
[Round "7"]
[White "RUDI"]
[Black "bossjos"]
[WhiteElo "1278"]
[BlackElo "1244"]
[PlyCount "40"]
[Result "0-1"]

1.c4 {hello!}  f5 2.d4 d6 3.Nc3 Nf6 4.Bf4 g6 5.e3 
Bg7 6.Be2 O-O 7.Nf3 Nc6 8.O-O Qe8 9.Ng5 h6 10.Nf3 
Kh7 11.Bd3 e5 12.dxe5 dxe5 13.Bxe5 Nxe5 14.Nxe5 
Qxe5 15.Be2 Be6 16.Qc2 c6 17.Rad1 Rad8 18.Rd3 Rxd3 
19.Bxd3 Ng4 20.Nd1 Qxh2+ 0-1

[Event "HCL-C4077"]
[Site "www.playchess.de"]
[Date "2006.03.14"]
[Round "10"]
[White "teleko"]
[Black "rouldf"]
[WhiteElo "800"]
[BlackElo "800"]
[PlyCount "60"]
[Result "0-1"]

1.d4 d5 2.c4 c6 3.Nf3 e6 4.Nc3 Nf6 5.Bf4 Nbd7 6.e3 
Be7 7.Bd3 h6 8.O-O O-O 9.e4 Nb6 10.b3 Bb4 11.Rc1 
Bxc3 12.Rxc3 dxe4 13.Bc2 exf3 14.Qxf3 Nbd7 15.Qd3 
Re8 16.Re1 Qa5 17.Be5 Rd8 18.Bd6 Qg5 19.Be7 Re8 
20.Bxf6 Nxf6 21.Bd1 Qf5 22.Qxf5 {(offering draw)}  
exf5 23.Rxe8+ Nxe8 24.d5 Nd6 25.c5 Ne4 26.Rd3 
{(offering draw)}  Nxc5 27.Rc3 Ne4 28.Re3 cxd5 
29.Bc2 {(offering draw)}  Bd7 30.Bd3 {(offering 
draw)}  Rc8 0-1

[Event "HCL-T266"]
[Site "www.playchess.de"]
[Date "2006.03.14"]
[Round "15"]
[White "gambitfan"]
[Black "daveboy6968"]
[WhiteElo "1510"]
[BlackElo "940"]
[PlyCount "79"]
[Result "1-0"]

1.e4 e6 2.d4 d5 3.Nc3 Bb4 4.e5 c5 5.a3 Bxc3+ 
6.bxc3 c4 7.Qg4 g6 8.h4 h5 9.Qf3 Qa5 10.Bd2 Qa4 
11.Qd1 Nh6 12.Be2 Nf5 13.Nf3 Nc6 14.O-O b5 15.Bg5 
Nce7 16.Bf6 Nc6 17.Bxh8 Nh6 18.Ng5 Bd7 19.Bg7 Nf5 
20.Bf6 Nxh4 21.Nxf7 Kxf7 22.Bxh4 Ne7 23.Qd2 Nf5 
24.Bf6 a6 25.Rfb1 Rb8 26.Rb4 Qa5 27.Qc1 Qb6 28.a4 
a5 29.Rb2 Qc6 30.Rab1 Qc8 31.axb5 Rb6 32.g4 hxg4 
33.Bxg4 Qf8 34.Ra2 Rxb5 35.Rxb5 Bxb5 36.Rxa5 Bc6 
37.Ra7+ Kg8 38.Bxf5 gxf5 39.Qg5+ Qg7 
40.Qxg7+ 1-0

[Event "HCL-M866"]
[Site "www.playchess.de"]
[Date "2006.03.14"]
[Round "2"]
[White "zmaster"]
[Black "martijn"]
[WhiteElo "1959"]
[BlackElo "1771"]
[PlyCount "55"]
[Result "1-0"]

1.d4 {Hallo, veel plezier. Linda}  Nf6 {Dank je, 
veel succes ook. Rapid- kampioene van Nederland? 
Wat een eer :-)}  2.c4 {hehehe, ach dit is echt 
heel anders, dus..... ;)}  g6 {Ik realiseer me nu, 
dat ik je naam wel eens heb gelezen in het blad 
"Schaaknieuws", waar ik een stapel ouwe jaargangen 
van heb...}  3.Nc3 {Kan wel kloppen ja. Men vondt 
mij de sensatie op rapid gebied. Onzin 
natuurlijk.Er zijn veel betere maar je moet gewoon 
stress bestendig zijn dat is alles}  d5 {Morgen 
doe ik mee aan een snelschaaktoernooi, over stress 
gesproken..}  4.cxd5 {Waar speel je die?}  Nxd5 
{Nunspeet, daar wonen we vlak bij.}  5.e4 {Leuk 
wonen? vrij rustig denk ik?}  Nxc3 {Erg rustig, 
maar dat heeft zo z'n voordelen.  Een nadeel is, 
dat ik elke dag naar Apeldoorn moet fietsen om 
naar school te gaan.}  6.bxc3 {Dat is minder 
maar....het werkt wel ontspannend denk ik zo. Ik 
deed niets anders dan in weer of geen weer mijn 
schoolse plicht te voldoen. Mens wat een tijden 
waren dat, leuk hoor.}  Bg7 {klopt wel: wij komen 
helemaal wakker op school aan, terwijl de 
Apeldoorners zelf net hun warme nest uitkomen! 
Prettige feestdagen trouwens!!}  7.Bc4 {Dank je. 
Goede Kerst gehad? Ik speelde Gister in Parijs een 
Rapid toernooi en werd gedeeld 2e, best wel 
tevreden.}  c5 {Parijs, da's net iets anders dan 
de Veluwe...M'n vader komt er elk jaar wel een 
paar keer, ik nog nooit. Tweede, niet gek: wie won 
er ?}  8.Ne2 {Petra Schuurman, Nederlandse IM. 
Speelde 2 keer remise tegen haar en verloor 1 keer 
waar zij nog een keer remiseerde, was wel leuke 
prijs mee te nemen/fransen waren niet happy en 
zijn ze nooit als er geen fransman/vrouw wint}  
Nc6 {Fransen zijn altijd chauvinistisch. Er zijn 
wel sterke franse schaaksters toch? En schaakt 
Erika Sziva nog? Trouwens:Gelukkig nieuwjaar!}  
9.Be3 {Sziva schaakt nog steeds maar erg 
onregelmartig. Een mooi 2006 met heel veel schaak 
genoegens :>)}  O-O {Dank je. Ik ben er nog steeds 
niet uit of de Grunfeld een goeie verdediging is 
voor zwart. Samen met m'n vader( die hier ook 
schaakt) heb ik heel wat partijtje hiermee 
gespeeld, maar wit won vaker. Heb jij ervaring?}  
10.O-O {Is best goed hoor, wie is je oude heer? 
ken ik hem? Ik heb er ruim ervaring mee met 
wisselend succes}  Bg4 {Ervaring met m'n oude 
heer? of haal ik nu wat door elkaar? :-)) M'n pap 
is JanP (althans zo heet hij hier)}  11.f3 {lol,  
het laatste joh, op schaak gebied! Ik denk dat ik 
tegen hem heb gespeeld, geen idee wat het 
resultaat was}  Na5 {Hij weet het ook niet zeker. 
Vandaag begon Corus. Doe je ook nog ergens mee?}  
12.Bd3 {Ik speel de 10 kamp en heb een afgebroken 
partij}  cxd4 {De damestienkamp, of gemengd? Zijn 
die 10kampen ook via internet te volgen? De A 
groep zit in dezelfde zaal als jullie? (Wat veel 
vragen...)}  13.cxd4 {Ik heb voor gemengd gekozen 
en ja we spelen in dezelfde zaal. Ik denk dat je 
wel via internet de partijen kan volgen, ik heb  
daar niet naar gekeken, nog niet althans.}  Be6 
{Grappig lijkt me om bijv.Anand bij de 
koffieautomaat tegen te komen. Valt je prestatie 
mee tot dusver?}  14.Rc1 {Je ziet ale wereld 
toppers en allemaal zijn ze onderling vriendelijk. 
Resultaten vallen mee(2 uit 4)}  Bxa2 {Oei, wat 
een gewaagde variant. Sorry dat het even duurde, 
maar ik zit in de tentamenweek, en heel soms zijn 
er belangrijker dingen dan schaken.. Succes daar 
in Corus!}  15.Qa4 {Dank je en hoe gaat je 
tentamenweek? Enig goed gevoel?}  Bb3 {Jawel, maar 
ik werk er ook voor. Ik ben namelijk al een keer 
blijven zitten, en 2 keer zullen ze niet op prijs 
stellen.. Vanmiddag topper:Topalov-Anand en ik 
hoef niet te voetballen. Als m'n vader had gekund 
was ik naar Corus gekomen.}  16.Qb4 {Mooi,  ik  
speel onregelmatig hier, gebrek aan tijd, kost mij 
wel wat games; maakt niet uit hoor}  b6 {Net als 
in het echt is het wel lullig om op tijd te 
verliezen of te winnen. M'n meeste partijen speel 
ik op slowchess.com, daar kun je gratis 
(nederlander he:-) een onbeperkt aantal partijen 
spelen}  17.Bg5 {zonder meer een feit. Maar ik zal 
trachten je een degelijke partij te geven zonder 
lullig verlies voor mij. verlies ok maar dan een 
echt :)}  f6 {Nu weet ik het niet meer. Ik ken 
alleen 17 Tc3 of d5. Ben jij hier de theorie aan 
het vernieuwen?}  18.Bd2 {Denk ikniet maar 
ikprobeer grag iets nieuws uit en dat ben ik nu 
aan het uitvogelen.Vooralsnog zitten we in een 
remiserende posititie en nu kijken of ik iets kan 
forceren}  f5 {'t Is in elk geval scherp en 
boeiend. Misschien is Lf7 hier sterker, maar in 
elk geval saaier. Beide stellingen kunnen wel 
tegen een stootje.}  19.Bg5 {Lf7 is een statische 
zet en is op safe spelen, wat niet verkeerd is. 
Dit is inderdaad boeiender en houdt alles nog 
open.Ik zit te dubben nu.Tc3 of..exf4(Bg5)? 
Dreiging naar de dame, ik weet niet wat het best 
is.Grappig wel.}  Rf7 {Je doet me denken aan die 
schaakpartijen op de radio, waarbij een GM of IM 
in "langs de Lijn" schaakt tegen het publiek en 
daarbij hardop denkt..}  20.Rc3 {vind ik ook wel 
leuk te doen. ik ben wel eens gevraagd na mijn 
kampioenstitel en dan analiseer je hardop.}  Be6 
{Je bent gevraagd, maar heb je het toen ook 
gedaan? En gewonnen? Je dringt me trouwens steeds 
verder terug...}  21.e5 {Ja ik heb het toen ook 
gedaan met lood in de schoenen maar het ging goed, 
Hans Bohm was de intervieuwer, iets wat die goed 
doet. Ja ik neem iets voordeel nu :P)}  Rc8 {In 
zulke stellingen ben ik op z'n gevaarlijkst:-) 
Bohm is wel grappig ja, kan ook leuk schrijven. 
Was dat ooit een goeie schaker?}  22.Rxc8 {Hans 
was een uitstekend IM die echter koos voor de 
publiciteit en minder voor het spel. Het is een 
aimable man hoewel er in de schaakwereld 
verschillend over hem wordt gedacht en gesproken, 
ik mag hem wel.}  Bxc8 {ik heb het nog eens aan 
m'n vader gevraagd, die vond hem geweldig grappig 
als presentator van Man en Paard vroeger op de 
radio. Jammer dat zoiets niet meer bestaat!}  
23.Rc1 {Hij is best leuk hoor. Ook in de normale 
omgang is hans een goede knul om mee om te gaan en 
heeft een goede kennis van het hedendaags schaak.} 
 Bd7 {Ken je nog meer (top) schakers persoonlijk? 
Of alleen de vrouwen?}  24.Nf4 {Ken ze allemaal 
hoor. Vrij logisch als je weet dat je elkaar een 
aantal keren op div toernooien tegenkomt. De 1 wat 
meer dan een ander maar wij kennen elkaar wel.}  
Be8 {Dan is dit een stuk anoniemer.. Je drukt me 
trouwens langzaam maar zeker van het bord af..}  
25.Qb2 {Zonder meer waar. Je kan in volstrekte 
anonimiteit spelen. ja ik ben niet ontevreden maar 
je speelt erg sterk hoor.}  Kh8 {Ik weet niet zo 
goed hoe sterk, ik heb geen ELO-rating. Jij wel 
natuurlijk; heb je meer dan 2000?}  26.Ne6 {Dat 
zou  ik  denken ja :>)rond de 2170 Fide elo}  Qd5 
{Gelukkig, dan is het niet zo'n schande dat ik 
hier word weggespeeld door een vrouw :-))}  
27.Nxg7 {je wordt niet weg gespeeld maar zachtjes 
gesloopt :)) Je bent niet de 1e man en zeker niet 
de laatste die er aan gaat hoor :>)}  Rxg7 
{langzaam gesloopt worden is nog erger:-(  Zijn de 
meeste mannen sportief als ze van je verliezen, of 
zijn ze dan extra chagrijnig?}  28.Rc8 {het 
laatste, ze doen alsof ze het juist leuk vinden 
van een vrouw te verliezen maar balen als de 
overbekende steker,lol}  1-0

[Event "HCL-M866"]
[Site "www.playchess.de"]
[Date "2006.03.14"]
[Round "1"]
[White "martijn"]
[Black "BigL"]
[WhiteElo "1771"]
[BlackElo "2235"]
[PlyCount "66"]
[Result "0-1"]

1.e4 {Viel spass!}  c5 {Das wünsch' ich Dir auch 
!}  2.Nf3 Nc6 3.d4 cxd4 4.Nxd4 Nf6 5.Nc3 e5 6.Nf5 
{Ich dachte es schon:Svesjnikov...}  d5 7.exd5 
Bxf5 8.dxc6 bxc6 9.Qf3 Qd7 10.Bg5 Bb4 11.Bxf6 gxf6 
12.Bd3 Bxd3 13.O-O-O Bxc3 14.bxc3 Qe6 15.cxd3 Ke7 
16.Rd2 Rab8 17.Qe3 Rb7 18.Rb2 Rhb8 19.Rxb7+ Rxb7 
20.Qc5+ Kd7 21.Qc4 Qxc4 22.dxc4 Ke6 23.Rd1 Rd7 
24.Rxd7 {(offering draw)}  Kxd7 {Let's play some 
moves !}  25.c5 Ke6 26.c4 Kf5 27.f3 Kf4 28.Kd2 f5 
29.Kd3 e4+ 30.Ke2 Ke5 31.Ke3 f4+ 32.Ke2 f5 33.fxe4 
fxe4 0-1

[Event "HCL-E1525"]
[Site "www.playchess.de"]
[Date "2006.03.14"]
[Round "18"]
[White "BigAl"]
[Black "richard"]
[WhiteElo "1540"]
[BlackElo "1755"]
[PlyCount "78"]
[Result "0-1"]

1.c4 {Hi, good to meet you, good luck with the 
tournament}  f5 {hi}  2.Nc3 Nf6 3.g3 g6 4.Bg2 Bg7 
5.d4 {A very happy Christmas to you and your 
family, I hope 2006 is a great year for you}  O-O 
{same}  6.e3 c6 7.Nge2 d6 8.O-O e5 9.b3 Qe7 10.Bb2 
Na6 11.d5 Bd7 12.Qd2 Rad8 13.dxc6 Bxc6 14.Nd5 Nxd5 
15.Bxd5+ Kh8 16.Qa5 Qc7 17.Qxc7 Nxc7 18.Bxc6 bxc6 
19.a4 Rdb8 20.Nc1 Ne6 21.Ba3 e4 22.Rb1 Rfd8 23.b4 
Nc5 24.a5 Nd7 25.b5 Ne5 26.Rb4 cxb5 27.cxb5 Rdc8 
28.Bb2 Nc6 29.Bxg7+ Kxg7 30.Rb2 Nxa5 31.Ne2 a6 
32.Rfb1 Nc4 33.R2b4 Nd2 34.R1b2 Nf3+ 35.Kg2 Ne1+ 
36.Kg1 Nd3 {soon to be six consecutive N moves. A 
record!}  37.bxa6 {Unfortunately for me, not one 
I'd like to repeat ;-)}  Rxb4 38.Rxb4 Nxb4 39.a7 
Ra8 0-1

[Event "HCL-E1514"]
[Site "www.playchess.de"]
[Date "2006.03.14"]
[Round "12"]
[White "Tarrega"]
[Black "gambitfan"]
[WhiteElo "1541"]
[BlackElo "1350"]
[PlyCount "107"]
[Result "1-0"]

1.c4 e5 2.g3 Nf6 3.Bg2 d5 4.cxd5 Nxd5 5.Nf3 Nc6 
6.O-O Nb6 7.d3 Be7 8.Nbd2 O-O 9.a3 a5 10.b3 Be6 
11.Bb2 f6 12.Qc2 Qd7 13.e3 Bf5 14.Ne4 Rfd8 15.Rfd1 
Bxe4 16.dxe4 Qe6 17.Rd2 Rd7 18.Rad1 Rad8 19.R2xd7 
Rxd7 20.Rxd7 Qxd7 21.Qd2 Kf7 22.h4 Nd8 23.Kh2 Qc6 
24.Ne1 Ne6 25.Nd3 Nc5 26.Nxc5 Bxc5 27.Qc2 Qd6 
28.Bf1 c6 29.a4 Ba3 30.Ba1 Nd7 31.Bc4+ Ke7 32.Bg8 
h6 33.Qc4 Nc5 34.Qf7+ Kd8 35.Qxg7 Nxe4 36.Qxb7 
Nxf2 37.Qa8+ Ke7 38.Qxa5 Ng4+ 39.Kg2 Nxe3+ 40.Kf3 
Nc2 41.Qa7+ Qd7 42.Qxd7+ Kxd7 43.Bc3 Kd6 44.Ke4 
Kc7 45.h5 Be7 46.Bd2 Bf8 47.Kf5 Kd6 48.Kxf6 e4 
49.Kf7 Be7 50.Bf4+ Kd7 51.Bh7 Bg5 52.Bxg5 hxg5 
53.Bxe4 Nd4 54.h6 1-0